000 00256nam a22001217a 4500
041 _aENG
100 _aChudekar .U.K
245 _aProgress Report to litter Master
260 _aDelhi
_bChuolustri
_c2001
300 _a43
650 _aGAE
856 _uGAE
999 _c2641
_d2641